000 00948nam a2200253 i 4500
001 bg
100 1 _aKAWECKA-ENDLER, Aleksandra
245 1 0 _aMetodologia ergonomicznego kształtowania warunków pracy w montażu i ich przyczynowo-skutkowe powiązania z systemem jakości /
_cAleksandra Kawecka-Endler.
260 _aPoznań :
_bWydaw. PP,
_c1998.
300 _a132, [1] s. :
_brys., wykr. ;
_c24 cm.
490 1 _aRozprawy / Politechnika Poznańska,
_x0551-6528 ;
_vnr 333
500 _aStreszcz ang.
504 _aBibliogr. s. 125-132.
650 9 _aErgonomia
_xmetodologia
650 9 _aHumanizacja pracy
_xprzemysł
650 9 _aJakość wyrobów
_xzagadnienia
650 9 _aMontaż
_xbezpieczeństwo i higiena pracy
830 0 _aRozprawy (Politechnika Poznańska) ;
_vnr 333
040 _cBPK
041 0 _apl
_ben
080 _a331.101.1+331.101.4:621.717:331.45:658.56
942 _cKS
008 s pl f |000 0 pol
999 _c36536
_d36536
856 _uhttp://koha.tu.koszalin.pl/cgi-bin/koha/opac-detail.pl?biblionumber=36536
_yKatalog online BPK